[Event "SWE-chT 1920 Superettan"]
[Site "Sweden"]
[Date "2019.10.20"]
[Round "3"]
[White "Krantz, Christopher"]
[Black "Karlsson, Tomas"]
[Result "0-1"]
[WhiteElo "2217"]
[BlackElo "2303"]
[PlyCount "80"]
[EventDate "2019.10.18"]
[EventType "team-tourn"]
[EventRounds "9"]
[EventCountry "SWE"]
[SourceTitle "EXT 2023"]
[Source "ChessBase"]
[SourceDate "2022.10.05"]
[SourceVersion "1"]
[SourceVersionDate "2022.10.05"]
[SourceQuality "1"]
[WhiteTeam "Umea Rockaden"]
[BlackTeam "Norrkoping Schack 08"]
[WhiteTeamCountry "SWE"]
[BlackTeamCountry "SWE"]

1. e4 e6 2. d4 d5 3. exd5 exd5 4. Nf3 Nf6 5. Bd3 Bd6 6. Qe2+ Qe7 7. Qxe7+ Bxe7 8. Bf4 c5 9. dxc5 Bxc5 10. 0-0 0-0 11. Nc3 Be6 12. Nb5 Nc6 13. Bd6 Bxd6 14. Nxd6 Rab8 15. Nb5 Bg4 16. Nbd4 Rfe8 17. h3 Bxf3 18. Nxf3 Kf8 19. c3 d4 20. c4 Ne4 21. Bxe4 Rxe4 22. Rfe1 Rxe1+ 23. Nxe1 f6 24. Nd3 Ke7 25. Kf1 Ne5 26. Nxe5 fxe5 27. Ke2 Kd6 28. Kd3 b5 29. c5+ Kxc5 30. Ke4 Rf8 31. f3 Kd6 32. Rc1 g5 33. b4 Rf4+ 34. Kd3 Rf7 35. Rc8 Rc7 36. Rg8 Rc3+ 37. Ke4 Re3+ 38. Kf5 Kd5 39. Kxg5 d3 40. f4 Rg3+ 0-1

[Event "SWE-chT 1718 Superettan"]
[Site "Sweden"]
[Date "2018.02.25"]
[Round "5"]
[White "Sjodahl, Pontus"]
[Black "Karlsson, Tomas"]
[Result "1/2-1/2"]
[WhiteElo "2413"]
[BlackElo "2253"]
[PlyCount "56"]
[EventDate "2017.10.20"]
[EventType "team-tourn"]
[EventRounds "9"]
[EventCountry "SWE"]
[SourceTitle "EXT 2019"]
[Source "ChessBase"]
[SourceDate "2018.10.10"]
[SourceVersion "1"]
[SourceVersionDate "2018.10.10"]
[SourceQuality "1"]
[WhiteTeam "Vasteras"]
[BlackTeam "Norrkoping Schack 08"]
[WhiteTeamCountry "SWE"]
[BlackTeamCountry "SWE"]

1. Nf3 d5 2. e3 Nf6 3. c4 e6 4. b3 Be7 5. Bb2 0-0 6. Be2 c5 7. 0-0 Nc6 8. d4 b6 9. cxd5 Nxd5 10. dxc5 Bxc5 11. Bc4 Nf6 12. Qe2 Qc7 13. Nbd2 Bb7 14. Bxf6 gxf6 15. Ba6 Bxa6 16. Qxa6 Nb4 17. Qc4 Nd5 18. Qh4 Qe7 19. Rac1 Kg7 20. Qh5 f5 21. Rc4 h6 22. Rh4 Rh8 23. Rh3 Nf6 24. Rg3+ Kf8 25. Qh4 Ng4 26. Qh5 Nf6 27. Qh4 Ng4 28. Qh5 Nf6 1/2-1/2

[Event "SWE-chT 1718 Superettan"]
[Site "Sweden"]
[Date "2018.02.03"]
[Round "4"]
[White "Karlsson, Tomas"]
[Black "Suarez Garcia, Carlos"]
[Result "1/2-1/2"]
[WhiteElo "2253"]
[BlackElo "2473"]
[PlyCount "89"]
[EventDate "2017.10.20"]
[EventType "team-tourn"]
[EventRounds "9"]
[EventCountry "SWE"]
[SourceTitle "EXT 2019"]
[Source "ChessBase"]
[SourceDate "2018.10.10"]
[SourceVersion "1"]
[SourceVersionDate "2018.10.10"]
[SourceQuality "1"]
[WhiteTeam "Norrkoping Schack 08"]
[BlackTeam "Wasa"]
[WhiteTeamCountry "SWE"]
[BlackTeamCountry "SWE"]

1. e4 c5 2. Nf3 e6 3. d4 cxd4 4. Nxd4 Nc6 5. Nc3 Qc7 6. Be3 a6 7. Qd2 Nf6 8. 0-0-0 Bb4 9. f3 0-0 10. Nb3 d5 11. Bf4 e5 12. exd5 exf4 13. dxc6 Qxc6 14. Qd4 Bxc3 15. Qxc3 Qxc3 16. bxc3 Be6 17. c4 Rfc8 18. Rd4 g5 19. Bd3 Rc7 20. Re1 h6 21. h4 Nd7 22. hxg5 hxg5 23. g3 fxg3 24. Rg1 Ne5 25. Rxg3 Kf8 26. Nd2 Nc6 27. Re4 Bf5 28. Re3 Bxd3 29. cxd3 f6 30. Rh3 Kg7 31. Ne4 Ne7 32. Re1 Nf5 33. Rg1 b5 34. f4 bxc4 35. fxg5 cxd3+ 36. Kd2 Rc2+ 37. Kxd3 Rxa2 38. gxf6+ Kf7 39. Rh7+ Ke6 40. Nc5+ Kd5 41. Rh5 Kxc5 42. Rxf5+ Kd6 43. f7 Rf8 44. Re1 Rh2 45. Re8 1/2-1/2

[Event "SWE-chT 1516 Superettan"]
[Site "Sweden"]
[Date "2016.02.27"]
[Round "6"]
[White "Janse, Love"]
[Black "Karlsson, Tomas"]
[Result "0-1"]
[WhiteElo "2145"]
[BlackElo "2243"]
[PlyCount "98"]
[EventDate "2015.11.06"]
[EventType "team-tourn"]
[EventRounds "9"]
[EventCountry "SWE"]
[SourceTitle "EXT 2018"]
[Source "ChessBase"]
[SourceDate "2017.10.13"]
[SourceVersion "1"]
[SourceVersionDate "2017.10.13"]
[SourceQuality "1"]
[WhiteTeam "Vasteras II"]
[BlackTeam "Solna"]
[WhiteTeamCountry "SWE"]
[BlackTeamCountry "SWE"]

1. e4 e6 2. d3 d5 3. Qe2 Nf6 4. Nf3 c5 5. g3 Be7 6. Bg2 Nc6 7. 0-0 0-0 8. e5 Nd7 9. c4 dxc4 10. dxc4 b6 11. Nc3 Bb7 12. h4 Nd4 13. Nxd4 Bxg2 14. Kxg2 cxd4 15. Nb5 d3 16. Qe4 a6 17. Nd4 Qc7 18. Bf4 Nc5 19. Qf3 Rac8 20. Rfd1 Rfd8 21. Qe3 Rd7 22. Rac1 Rcd8 23. Nf3 Qc6 24. Bg5 f6 25. exf6 gxf6 26. Bh6 e5 27. b3 Rd4 28. Rc3 Re4 29. Qc1 Re2 30. Be3 d2 31. Qb1 a5 32. Qf5 Ne4 33. Rc2 Bb4 34. a3 Bxa3 35. Qg4+ Kf7 36. Kf1 Rxe3 37. fxe3 Bb4 38. Qh5+ Kg7 39. Kg2 Kh8 40. Qf5 Kg7 41. g4 Rd3 42. g5 Rxe3 43. gxf6+ Qxf6 44. Qd7+ Kh6 45. Rf1 Qg6+ 46. Ng5 Nxg5 47. hxg5+ Qxg5+ 48. Kh2 Qh4+ 49. Kg2 Rg3+ 0-1

[Event "SWE-chT 1415 Elite"]
[Site "Sweden"]
[Date "2015.03.20"]
[Round "7.5"]
[White "Karlsson, Tomas"]
[Black "Bejtovic, Jasmin"]
[Result "1/2-1/2"]
[WhiteElo "2264"]
[BlackElo "2372"]
[PlyCount "68"]
[EventDate "2014.11.21"]
[EventType "team-tourn"]
[EventRounds "9"]
[EventCountry "SWE"]
[SourceTitle "EXT 2016"]
[Source "ChessBase"]
[SourceDate "2015.10.08"]
[SourceVersion "1"]
[SourceVersionDate "2015.10.08"]
[SourceQuality "1"]
[WhiteTeam "Solna"]
[BlackTeam "Eksjo"]
[WhiteTeamCountry "SWE"]
[BlackTeamCountry "SWE"]

1. e4 c5 2. Nc3 Nc6 3. Nf3 g6 4. d4 cxd4 5. Nxd4 Bg7 6. Be3 Nf6 7. Bc4 Qa5 8. 0-0 0-0 9. Bb3 d6 10. h3 Bd7 11. f4 Nxd4 12. Bxd4 Bc6 13. Qd3 Nh5 14. Bxg7 Kxg7 15. Qd4+ Kg8 16. e5 Ng3 17. Rfe1 Nf5 18. Qf2 dxe5 19. Rxe5 Qc7 20. Nd5 Bxd5 21. Rxd5 e6 22. Rd2 a5 23. Ba4 Rad8 24. Rad1 Nd6 25. Qa7 Ne4 26. Rxd8 Rxd8 27. Rxd8+ Qxd8 28. Qe3 Qd1+ 29. Kh2 Nd2 30. Qd3 Qc1 31. Qd8+ Kg7 32. Qd4+ Kg8 33. Qd8+ Kg7 34. Qd4+ Kg8 1/2-1/2

[Event "SWE-chT2 1314"]
[Site "Sweden"]
[Date "2014.03.09"]
[Round "9"]
[White "Mansson, Peter"]
[Black "Karlsson, Tomas"]
[Result "1/2-1/2"]
[WhiteElo "2142"]
[BlackElo "2250"]
[PlyCount "44"]
[EventDate "2013.11.22"]
[EventType "team-tourn"]
[EventRounds "9"]
[EventCountry "SWE"]
[SourceTitle "EXT 2015"]
[Source "ChessBase"]
[SourceDate "2014.11.20"]
[SourceVersion "1"]
[SourceVersionDate "2014.11.20"]
[SourceQuality "1"]
[WhiteTeam "Limhamn II"]
[BlackTeam "Solna"]
[WhiteTeamCountry "SWE"]
[BlackTeamCountry "SWE"]

1. e4 e6 2. Nf3 d5 3. Nc3 dxe4 4. Nxe4 Nd7 5. d4 Ngf6 6. Bd3 Nxe4 7. Bxe4 Nf6 8. Bg5 Be7 9. Bxf6 Bxf6 10. Qd3 h6 11. 0-0-0 c6 12. Kb1 Qc7 13. Rhe1 Bd7 14. Ne5 0-0 15. f4 Rfd8 16. g4 Be8 17. Qh3 c5 18. d5 exd5 19. Bxd5 Bxe5 20. fxe5 Bd7 21. Qf3 Be6 22. c4 Rab8 1/2-1/2

[Event "SWE-chT2 1314"]
[Site "Sweden"]
[Date "2014.01.17"]
[Round "6"]
[White "Karlsson, Tomas"]
[Black "Renman, Nils Gustaf"]
[Result "1/2-1/2"]
[WhiteElo "2250"]
[BlackElo "2342"]
[PlyCount "93"]
[EventDate "2013.11.22"]
[EventType "team-tourn"]
[EventRounds "9"]
[EventCountry "SWE"]
[SourceTitle "EXT 2015"]
[Source "ChessBase"]
[SourceDate "2014.11.20"]
[SourceVersion "1"]
[SourceVersionDate "2014.11.20"]
[SourceQuality "1"]
[WhiteTeam "Solna"]
[BlackTeam "Norrkoping Schack 08"]
[WhiteTeamCountry "SWE"]
[BlackTeamCountry "SWE"]

1. e4 e6 2. d4 d5 3. Nd2 Be7 4. Bd3 dxe4 5. Nxe4 Nf6 6. Nf3 Nbd7 7. 0-0 Nxe4 8. Bxe4 0-0 9. Ne5 Nxe5 10. dxe5 Qxd1 11. Rxd1 f5 12. exf6 gxf6 13. Bh6 Rf7 14. Rd2 Bd6 15. c4 f5 16. Bf3 Rf6 17. Bg5 Rg6 18. h4 h6 19. Bh5 Rxg5 20. hxg5 hxg5 21. g4 b6 22. gxf5 exf5 23. Bf3 Rb8 24. Bc6 Be6 25. Bd5 Kf7 26. Re2 Bxd5 27. cxd5 Rd8 28. Rd1 Bf4 29. Rc2 a5 30. Rc6 Re8 31. Kf1 Bd6 32. Rc2 Kf6 33. Rdd2 g4 34. Re2 Re5 35. Rxe5 Kxe5 36. Rd2 Ke4 37. Ke2 f4 38. Rd1 Bc5 39. Rh1 g3 40. fxg3 fxg3 41. Rh4+ Kxd5 42. Rg4 Bd6 43. Kd3 b5 44. b3 c5 45. a4 b4 46. Rg6 Bf4 47. Rg4 1/2-1/2

[Event "SWE-chT2 1314"]
[Site "Sweden"]
[Date "2013.11.24"]
[Round "3"]
[White "Karlsson, Tomas"]
[Black "Larsson, Anders"]
[Result "1-0"]
[WhiteElo "2250"]
[BlackElo "2291"]
[PlyCount "99"]
[EventDate "2013.11.22"]
[EventType "team-tourn"]
[EventRounds "9"]
[EventCountry "SWE"]
[SourceTitle "EXT 2015"]
[Source "ChessBase"]
[SourceDate "2014.11.20"]
[SourceVersion "1"]
[SourceVersionDate "2014.11.20"]
[SourceQuality "1"]
[WhiteTeam "Solna"]
[BlackTeam "Kungstornet"]
[WhiteTeamCountry "SWE"]
[BlackTeamCountry "SWE"]

1. e4 e6 2. d4 d5 3. Nc3 Bb4 4. exd5 exd5 5. a3 Be7 6. Bd3 Nf6 7. Nf3 Bg4 8. h3 Bh5 9. g4 Bg6 10. Ne5 Bxd3 11. Qxd3 c6 12. Bf4 0-0 13. 0-0-0 Nbd7 14. Kb1 Nxe5 15. Bxe5 Nd7 16. Ne2 Re8 17. Bf4 Nb6 18. Ng3 Nc4 19. Bc1 a5 20. Nf5 Bf8 21. Ka2 a4 22. Rhe1 Qd7 23. Ne3 b5 24. c3 Nxe3 25. Rxe3 Rxe3 26. Qxe3 Re8 27. Qf3 Re4 28. Be3 Qe6 29. Kb1 Bd6 30. Rg1 Bh2 31. Rh1 Bf4 32. Re1 f5 33. gxf5 Qxf5 34. Ka2 Qe6 35. Rf1 Bd6 36. Rg1 Qf7 37. Qg2 Bf8 38. Qg5 Re6 39. Qd8 Qe7 40. Qc8 Qe8 41. Qc7 Qf7 42. Qc8 Re8 43. Qxc6 Qe6 44. Qxb5 Rd8 45. Rg4 h5 46. Rg3 Bd6 47. Rg5 Be7 48. Rxh5 Bf6 49. Bg5 Bxg5 50. Rxg5 1-0

[Event "SWE-chT2 1213"]
[Site "Sweden"]
[Date "2013.02.23"]
[Round "6"]
[White "Karlsson, Tomas"]
[Black "Hjelm, Niclas"]
[Result "1-0"]
[WhiteElo "2239"]
[BlackElo "2317"]
[PlyCount "117"]
[EventDate "2012.10.20"]
[EventType "team-tourn"]
[EventRounds "9"]
[EventCountry "SWE"]
[SourceTitle "EXT 2015"]
[Source "ChessBase"]
[SourceDate "2014.11.20"]
[SourceVersion "1"]
[SourceVersionDate "2014.11.20"]
[SourceQuality "1"]
[WhiteTeam "Solna"]
[BlackTeam "Farsta"]
[WhiteTeamCountry "SWE"]
[BlackTeamCountry "SWE"]

1. e4 e5 2. Nf3 Nc6 3. Bb5 Nf6 4. 0-0 Nxe4 5. d4 Nd6 6. Bxc6 dxc6 7. dxe5 Nf5 8. Qxd8+ Kxd8 9. Rd1+ Ke8 10. Nc3 Be6 11. b3 Bb4 12. Bb2 Bxc3 13. Bxc3 Rd8 14. h3 c5 15. g4 Ne7 16. Kh2 Nc6 17. Kg3 h6 18. Nd2 Nd4 19. Bxd4 cxd4 20. f4 Bd5 21. Nf3 c5 22. Rd2 Ke7 23. Rad1 Bc6 24. Ne1 b6 25. Nd3 a5 26. Re1 Rhe8 27. f5 Kd7 28. Nf4 Kc8 29. h4 Rd7 30. Rde2 Bb5 31. e6 fxe6 32. fxe6 Rd6 33. Re5 Kc7 34. g5 d3 35. c4 Ba6 36. Nd5+ Kc6 37. a4 Bc8 38. e7 d2 39. Rd1 Be6 40. Rxd2 hxg5 41. Rxg5 Bxd5 42. cxd5+ Kd7 43. Rxg7 Rxe7 44. Rxe7+ Kxe7 45. h5 Rf6 46. d6+ Kd7 47. Rd3 Rf1 48. Kg4 Rg1+ 49. Kh4 Rh1+ 50. Rh3 Re1 51. h6 Kxd6 52. h7 Re8 53. Kg5 Rh8 54. Kg6 Kd5 55. Kg7 Rxh7+ 56. Kxh7 c4 57. Rh5+ Kd4 58. bxc4 Kxc4 59. Rb5 1-0

[Event "SWE-chT 1112"]
[Site "Sweden"]
[Date "2012.03.11"]
[Round "9"]
[White "Karlsson, Tomas"]
[Black "Ornstein, Axel"]
[Result "1/2-1/2"]
[WhiteElo "2235"]
[BlackElo "2413"]
[PlyCount "93"]
[EventDate "2011.10.07"]
[EventType "team-tourn"]
[EventRounds "9"]
[EventCountry "SWE"]
[SourceTitle "EXT 2013"]
[Source "ChessBase"]
[SourceDate "2012.11.22"]
[SourceVersion "1"]
[SourceVersionDate "2012.11.22"]
[SourceQuality "1"]
[WhiteTeam "Solna"]
[BlackTeam "Eksjo"]
[WhiteTeamCountry "SWE"]
[BlackTeamCountry "SWE"]

1. e4 e5 2. Nf3 Nc6 3. Bb5 a6 4. Ba4 Nf6 5. 0-0 Be7 6. Re1 b5 7. Bb3 0-0 8. c3 d6 9. h3 Nb8 10. d4 Nbd7 11. Nbd2 Bb7 12. Bc2 Re8 13. Nf1 Bf8 14. Ng3 g6 15. a4 c5 16. d5 c4 17. Be3 Nc5 18. Nd2 Nfd7 19. axb5 axb5 20. b4 cxb3 21. Bxb3 Rxa1 22. Qxa1 f5 23. exf5 Nxb3 24. Nxb3 gxf5 25. Nxf5 Bxd5 26. Qd1 Be6 27. Nh6+ Kh8 28. Nd2 Qh4 29. Ng4 Bxg4 30. hxg4 Nf6 31. f3 Rc8 32. Bf2 Qg5 33. Be3 Qg8 34. Qb1 Rxc3 35. Qxb5 Qe6 36. Bg5 Ng8 37. Ne4 Rc2 38. Rc1 Rxc1+ 39. Bxc1 Nf6 40. Nxf6 Qxf6 41. Qd5 Kg7 42. Be3 Qf7 43. Qe4 Qg6 44. Qb7+ Qf7 45. Qe4 Qg6 46. Qb7+ Qf7 47. Qe4 1/2-1/2

[Event "SWE-chT 1112"]
[Site "Sweden"]
[Date "2012.01.15"]
[Round "6"]
[White "Karlsson, Tomas"]
[Black "Eriksson, Anders"]
[Result "1/2-1/2"]
[WhiteElo "2235"]
[BlackElo "2295"]
[PlyCount "84"]
[EventDate "2011.10.07"]
[EventType "team-tourn"]
[EventRounds "9"]
[EventCountry "SWE"]
[SourceTitle "EXT 2013"]
[Source "ChessBase"]
[SourceDate "2012.11.22"]
[SourceVersion "1"]
[SourceVersionDate "2012.11.22"]
[SourceQuality "1"]
[WhiteTeam "Solna"]
[BlackTeam "Vasteras"]
[WhiteTeamCountry "SWE"]
[BlackTeamCountry "SWE"]

1. e4 c6 2. d4 d5 3. Nc3 dxe4 4. Nxe4 Nd7 5. Nf3 Ngf6 6. Nxf6+ Nxf6 7. Bc4 Bf5 8. 0-0 e6 9. c3 Bg4 10. h3 Bxf3 11. Qxf3 Be7 12. Bf4 0-0 13. Rad1 b5 14. Bd3 Qd5 15. Qxd5 Nxd5 16. Be5 Rfd8 17. Be4 Bd6 18. Rfe1 f6 19. Bxd6 Rxd6 20. g3 Rad8 21. Rd2 Kf7 22. Rde2 a5 23. h4 h6 24. Rc1 Ne7 25. a3 b4 26. axb4 axb4 27. cxb4 Rxd4 28. Kg2 R8d6 29. b5 cxb5 30. Rc5 b4 31. Rb5 g5 32. hxg5 hxg5 33. Re3 f5 34. Bb7 Rc4 35. Re2 Kf6 36. b3 Rcd4 37. Rc2 e5 38. Rc4 Rd2 39. Rcxb4 e4 40. Rb6 Rxb6 41. Rxb6+ Ke5 42. Kf1 Rb2 1/2-1/2

[Event "SWE-chT 1011"]
[Site "Sweden"]
[Date "2010.10.09"]
[Round "2.4"]
[White "Karlsson, Tomas"]
[Black "Schneider, Stefan"]
[Result "1-0"]
[WhiteElo "2250"]
[BlackElo "2360"]
[PlyCount "65"]
[EventDate "2010.10.08"]
[EventType "team-tourn"]
[EventRounds "11"]
[EventCountry "SWE"]
[SourceTitle "CBM 138 Extra"]
[Source "ChessBase"]
[SourceDate "2010.10.29"]
[SourceVersion "1"]
[SourceVersionDate "2010.10.29"]
[SourceQuality "1"]
[WhiteTeam "Solna"]
[BlackTeam "Limhamn"]
[WhiteTeamCountry "SWE"]
[BlackTeamCountry "SWE"]

1. e4 e6 2. d4 d5 3. Nc3 Bb4 4. e5 c5 5. a3 Bxc3+ 6. bxc3 Ne7 7. Qg4 0-0 8. Bd3 f5 9. exf6 Rxf6 10. Bg5 Rf7 11. Qh5 g6 12. Qd1 e5 13. dxe5 Nbc6 14. Nf3 Bg4 15. Be2 Qc7 16. 0-0 Raf8 17. Bxe7 Qxe7 18. Qxd5 Rd8 19. Qe4 Bxf3 20. Bxf3 Qxe5 21. c4 Qc3 22. Rad1 Nd4 23. Bg4 Qxc4 24. Rfe1 Rdf8 25. f3 Qc3 26. Rd3 Qa5 27. Be6 Nxe6 28. Qxe6 Kg7 29. Red1 b6 30. Qe5+ Kh6 31. f4 Rf5 32. Rh3+ Rh5 33. Rxh5+ 1-0

[Event "SWE-chT 1011"]
[Site "Sweden"]
[Date "2010.10.08"]
[Round "1.4"]
[White "Bejtovic, Jasmin"]
[Black "Karlsson, Tomas"]
[Result "1/2-1/2"]
[WhiteElo "2404"]
[BlackElo "2250"]
[PlyCount "82"]
[EventDate "2010.10.08"]
[EventType "team-tourn"]
[EventRounds "11"]
[EventCountry "SWE"]
[SourceTitle "CBM 138 Extra"]
[Source "ChessBase"]
[SourceDate "2010.10.29"]
[SourceVersion "1"]
[SourceVersionDate "2010.10.29"]
[SourceQuality "1"]
[WhiteTeam "Lunds"]
[BlackTeam "Solna"]
[WhiteTeamCountry "SWE"]
[BlackTeamCountry "SWE"]

1. e4 e6 2. d4 d5 3. Nc3 Bb4 4. e5 c5 5. a3 Bxc3+ 6. bxc3 Ne7 7. Nf3 Nbc6 8. a4 Qa5 9. Qd2 Bd7 10. Bd3 f6 11. 0-0 cxd4 12. cxd4 Qxd2 13. Bxd2 0-0 14. Rfb1 b6 15. a5 bxa5 16. Rb7 Rfd8 17. Bxa5 Nxa5 18. Rxa5 Nc6 19. Ra1 Rab8 20. Rc7 Rbc8 21. Rxc8 Rxc8 22. h4 Rc7 23. c3 h6 24. Ba6 Kf7 25. Kf1 Nb8 26. Be2 Rxc3 27. Rxa7 Rc1+ 28. Ne1 Ke7 29. Bb5 Kd8 30. Bxd7 Nxd7 31. Ke2 fxe5 32. dxe5 Rc4 33. Nf3 g6 34. Ra8+ Ke7 35. h5 Re4+ 36. Kd2 Nxe5 37. Rh8 gxh5 38. Nxe5 Rxe5 39. Rxh6 Kd6 40. f4 Rf5 41. g3 Ke7 1/2-1/2

[Event "SWE-chT2 0910"]
[Site "Sweden"]
[Date "2010.02.06"]
[Round "5"]
[White "Nordenstrom, Sven"]
[Black "Karlsson, Tomas"]
[Result "1/2-1/2"]
[WhiteElo "1961"]
[BlackElo "2274"]
[PlyCount "112"]
[EventDate "2009.10.24"]
[EventType "team"]
[EventRounds "9"]
[EventCountry "SWE"]
[SourceTitle "EXT 2011"]
[Source "ChessBase"]
[SourceDate "2010.11.26"]
[SourceVersion "1"]
[SourceVersionDate "2010.11.26"]
[SourceQuality "1"]
[WhiteTeam "Sodra"]
[BlackTeam "Solna"]
[WhiteTeamCountry "SWE"]
[BlackTeamCountry "SWE"]

1. d4 e6 2. Nf3 d5 3. c4 Nf6 4. Nc3 Be7 5. e3 0-0 6. Bd3 b6 7. 0-0 Bb7 8. Qe2 Nbd7 9. e4 dxe4 10. Nxe4 c5 11. dxc5 Nxe4 12. Bxe4 Bxe4 13. Qxe4 Nxc5 14. Qe2 Qd3 15. Re1 Rfd8 16. Bg5 Bxg5 17. Nxg5 Qg6 18. Nf3 Nd3 19. Ne5 Nxe5 20. Qxe5 h6 21. Qe4 Qxe4 22. Rxe4 Rd2 23. b3 Rad8 24. Kf1 Rb2 25. Re2 Rdd2 26. Rxd2 Rxd2 27. a4 Rb2 28. a5 Rxb3 29. axb6 axb6 30. Ra8+ Kh7 31. Rb8 Rc3 32. Rxb6 Rxc4 33. g3 g5 34. Rb5 Kg6 35. Re5 Kf6 36. Re3 h5 37. h3 h4 38. g4 Ke7 39. Re5 f6 40. Ra5 Kf7 41. Kg2 Kg6 42. Ra6 Re4 43. Ra8 f5 44. Rg8+ Kf6 45. gxf5 exf5 46. Kf3 Rf4+ 47. Ke3 Rb4 48. Kf3 Rb3+ 49. Kg2 Rc3 50. Kh2 Rc4 51. Kg2 g4 52. Rh8 Kg5 53. Rg8+ Kf4 54. hxg4 fxg4 55. Rf8+ Ke5 56. Rh8 g3 1/2-1/2

[Event "SWE-chT2 0910"]
[Site "Sweden"]
[Date "2009.12.05"]
[Round "3"]
[White "Karlsson, Tomas"]
[Black "Eksmyr, Johan"]
[Result "0-1"]
[WhiteElo "2274"]
[BlackElo "2167"]
[PlyCount "108"]
[EventDate "2009.10.24"]
[EventType "team"]
[EventRounds "9"]
[EventCountry "SWE"]
[SourceTitle "EXT 2011"]
[Source "ChessBase"]
[SourceDate "2010.11.26"]
[SourceVersion "1"]
[SourceVersionDate "2010.11.26"]
[SourceQuality "1"]
[WhiteTeam "Solna"]
[BlackTeam "Orgryte"]
[WhiteTeamCountry "SWE"]
[BlackTeamCountry "SWE"]

1. e4 c6 2. d4 d5 3. Nc3 dxe4 4. Nxe4 Nf6 5. Nxf6+ gxf6 6. Nf3 Bg4 7. c3 Qc7 8. Be2 e6 9. Nd2 h5 10. h3 Bxe2 11. Qxe2 Nd7 12. Ne4 0-0-0 13. Be3 Be7 14. Qf3 Qa5 15. 0-0 Rdg8 16. Kh1 Rg6 17. b4 Qd5 18. Nd2 Rhg8 19. Rg1 Bd6 20. a3 Nb6 21. Rac1 Qxf3 22. Nxf3 Nc4 23. a4 f5 24. Rc2 f4 25. Bc1 b5 26. axb5 cxb5 27. Ne1 f6 28. f3 e5 29. dxe5 fxe5 30. Nd3 Bc7 31. Re1 Kb7 32. Nb2 Na3 33. Rce2 Rc6 34. Nd3 Nc4 35. Nc5+ Kc8 36. Ne4 Rd8 37. Kh2 Rd3 38. Rf1 a5 39. bxa5 Bxa5 40. Bb2 Kb7 41. Nf2 Re3 42. Rc2 Kb6 43. Ba1 Kc5 44. Rd1 Rd6 45. Rdc1 Kc6 46. Ne4 Rd8 47. Bb2 Red3 48. h4 Bb6 49. Re2 Rd1 50. g3 fxg3+ 51. Nxg3 Nxb2 52. Rxd1 Nxd1 53. Rxe5 Bc7 54. Rxh5 Rd2+ 0-1

[Event "SWE-chT2 0910"]
[Site "Sweden"]
[Date "2009.10.25"]
[Round "2"]
[White "Berggren, Jonatan"]
[Black "Karlsson, Tomas"]
[Result "1-0"]
[WhiteElo "2131"]
[BlackElo "2274"]
[PlyCount "61"]
[EventDate "2009.10.24"]
[EventType "team"]
[EventRounds "9"]
[EventCountry "SWE"]
[SourceTitle "EXT 2011"]
[Source "ChessBase"]
[SourceDate "2010.11.26"]
[SourceVersion "1"]
[SourceVersionDate "2010.11.26"]
[SourceQuality "1"]
[WhiteTeam "Stockholm Rockaden II"]
[BlackTeam "Solna"]
[WhiteTeamCountry "SWE"]
[BlackTeamCountry "SWE"]

1. e4 e6 2. d4 d5 3. e5 c5 4. c3 Nc6 5. Nf3 Qb6 6. a3 Nh6 7. b4 cxd4 8. cxd4 Nf5 9. Bb2 Bd7 10. g4 Nfe7 11. Nc3 f6 12. Na4 Qc7 13. Rc1 a6 14. Bd3 b6 15. Qc2 h6 16. 0-0 Qb7 17. Nc3 b5 18. Bg6+ Kd8 19. Bf7 f5 20. gxf5 Nxf5 21. Nxd5 Nxb4 22. axb4 Qxd5 23. Qxf5 Bxb4 24. Nh4 Rf8 25. Ng6 Qb7 26. Qf4 Bd2 27. Bc3 Bc6 28. Ba5+ Bxa5 29. Nxf8 Ke7 30. Ng6+ Kd8 31. Bg8 1-0

[Event "SWE-chT 0809"]
[Site "Sweden"]
[Date "2009.03.14"]
[Round "10"]
[White "Arnelind, Mikael"]
[Black "Karlsson, Tomas"]
[Result "1/2-1/2"]
[WhiteElo "2293"]
[BlackElo "2293"]
[PlyCount "63"]
[EventDate "2008.10.25"]
[EventType "team-tourn"]
[EventRounds "11"]
[EventCountry "SWE"]
[SourceTitle "EXT 2011"]
[Source "ChessBase"]
[SourceDate "2010.11.26"]
[SourceVersion "1"]
[SourceVersionDate "2010.11.26"]
[SourceQuality "1"]

1. d4 e6 2. c4 d5 3. Nc3 Be7 4. cxd5 exd5 5. Bf4 c6 6. Qc2 Nf6 7. e3 0-0 8. Bd3 Nbd7 9. Nf3 Re8 10. 0-0 Nf8 11. h3 Ng6 12. Bh2 Bd6 13. Rab1 Bxh2+ 14. Kxh2 c5 15. dxc5 Qc7+ 16. Kg1 Qxc5 17. Nb5 Qxc2 18. Bxc2 Re7 19. Rbc1 Bd7 20. Nbd4 Rc8 21. Nf5 Bxf5 22. Bxf5 Rxc1 23. Rxc1 Nf8 24. Rc8 g6 25. Bc2 Kg7 26. Bb3 Ne6 27. Ra8 a6 28. Rc8 Rc7 29. Rxc7 Nxc7 30. Kf1 Ne4 31. Ke2 Kf6 32. Bc2 1/2-1/2

[Event "SWE-chT 0809"]
[Site "Sweden"]
[Date "2009.01.17"]
[Round "6"]
[White "Karlsson, Tomas"]
[Black "Couso, Luis"]
[Result "1-0"]
[WhiteElo "2293"]
[BlackElo "2363"]
[PlyCount "79"]
[EventDate "2008.10.25"]
[EventType "team-tourn"]
[EventRounds "11"]
[EventCountry "SWE"]
[SourceTitle "EXT 2011"]
[Source "ChessBase"]
[SourceDate "2010.11.26"]
[SourceVersion "1"]
[SourceVersionDate "2010.11.26"]
[SourceQuality "1"]

1. e4 c5 2. Nf3 e6 3. d4 cxd4 4. Nxd4 a6 5. Bd3 Qb6 6. Nb3 Qc7 7. Nc3 Nf6 8. Qe2 d6 9. 0-0 Be7 10. f4 Nc6 11. a4 Nb4 12. Be3 Nxd3 13. cxd3 Bd7 14. Rfc1 Qb8 15. Bb6 Bc6 16. Nd4 Nd7 17. Nxc6 bxc6 18. Bd4 c5 19. Be3 Bf6 20. Qf2 0-0 21. Rc2 Rc8 22. Rd1 h6 23. d4 cxd4 24. Bxd4 Rc4 25. Rcd2 Be7 26. Be3 Nf6 27. Qe2 Rxc3 28. bxc3 Nxe4 29. Rb2 Qc8 30. Rc2 Qc6 31. Rd4 Rc8 32. h3 Bf6 33. Rb4 Nxc3 34. Qd3 a5 35. Rb6 Qxa4 36. Rxd6 Qb3 37. Kh2 a4 38. Bd4 Rc4 39. Rxc3 Rxc3 40. Bxc3 1-0

[Event "SWE-chT 0809"]
[Site "Sweden"]
[Date "2008.11.15"]
[Round "2"]
[White "Karlsson, Tomas"]
[Black "Magnusson, Jorgen"]
[Result "1-0"]
[WhiteElo "2293"]
[BlackElo "2295"]
[PlyCount "117"]
[EventDate "2008.10.25"]
[EventType "team-tourn"]
[EventRounds "11"]
[EventCountry "SWE"]
[SourceTitle "EXT 2011"]
[Source "ChessBase"]
[SourceDate "2010.11.26"]
[SourceVersion "1"]
[SourceVersionDate "2010.11.26"]
[SourceQuality "1"]

1. e4 c5 2. Nf3 d6 3. d4 cxd4 4. Nxd4 Nf6 5. Nc3 g6 6. Be3 Bg7 7. f3 Nc6 8. Qd2 0-0 9. g4 Be6 10. 0-0-0 Nxd4 11. Bxd4 Qa5 12. a3 Rab8 13. h4 b5 14. Nd5 Qxd2+ 15. Rxd2 Nxd5 16. Bxg7 Kxg7 17. exd5 Bd7 18. c3 h6 19. Rd4 Rbc8 20. Bd3 f5 21. Re1 Rce8 22. gxf5 gxf5 23. Kd2 Kf6 24. Rf4 Kg6 25. c4 bxc4 26. Rxc4 e5 27. dxe6 Bxe6 28. Rc6 Kh5 29. Rxd6 Bc8 30. Rxe8 Rxe8 31. Rd4 Re5 32. Bc4 Re7 33. Rf4 Kg6 34. b4 Kf6 35. Rd4 Ke5 36. Ke3 Bb7 37. f4+ Kf6+ 38. Kd2 Bf3 39. Rd6+ Kg7 40. Be6 Be4 41. Rd7 Kf6 42. Rxe7 Kxe7 43. Bc4 Bb7 44. Ke3 Kd6 45. Kd4 Bc6 46. b5 Be4 47. a4 Bb7 48. a5 Bc8 49. Bd5 Bd7 50. b6 axb6 51. axb6 Ba4 52. b7 Kc7 53. Ke5 Bc2 54. Kf6 Bd3 55. Kg6 Be4 56. Bf7 Bxb7 57. Kxh6 Kd6 58. Kg7 Bf3 59. Kf6 1-0